000 01183nam a2200277 i 4500
003 DO-SdBNP
005 20260321073640.0
007 ta
008 100322s1983 dr 000 0 spa d
040 _aDO-SdBNP
_bspa
_cBNPHU
_erda
082 4 _aRD863.44
_bB742m, 1983
_222
100 1 _a Bosch, Juan,
_d1909-2001
_eautor
_4aut.
_976555
245 1 0 _aMás cuentos escritos en el exilio /
_cJuan Bosch.
250 _aoctava edición
264 4 _aSanto Domingo :
_bEditor Alfa y Omega,
_c1983.
300 _a284 páginas ;
_c21 cm.
336 _atexto
_btxt
_2rdacontent
337 _asin mediación
_bn
_2rdamedia
338 _avolumen
_bnc
_2rdacarrier
505 0 _aTodo un hombre --
_tFragata --
_tDos amigos --
_tUn niño --
_tEl río y su enemigo --
_tLa bella alma de Don Damián --
_tMaravilla --
_tUn hombre victuoso --
_tEl difunto esta vivo --
_tPoppy--
_tMal Tiempo --
_tEl socio --
_tLa muchacha de la Guaira --
_tCapitán --
_tLos últimos monstruos --
_tLa muerte no se equivoca dos veces --
_tRosa.
590 _aInventariado, 2019/VM
650 4 _aCuentos dominicanos
_9176
650 4 _aLiteratura dominicana.
_967
910 _aValidado. Control de calidad MFF
942 _2ddc
_cLBS1
999 _c16791
_d16791